01116nam a2200289 i 4500001001000000003000900010005001700019007000300036008004100039020001500080040003000095082000700125245010500132264003000237300005100267336002700318337003300345338002800378500007200406500005500478590002600533700004100559700004500600942001400645952015000659999001700809000043928DO-SdBNP20240718155535.0ta140509s1998 sp cf 001 0 spa d a8420652571 aDO-SdBNPbspacBNPHUerda 422200aDiccionario del cine español /cdirigido por, José Luis Borau ; documentación, María Pastor. aMadrid :bAlianza,c1998. a1,106 páginas :bretratos, laminas ;c25 cm. 2rdacontentatextobtxt 2rdamediaasin mediaciónbn 2rdacarrieravolumenbnc aAcademia de las Artes y las Ciencias Cinematográficas de España aIncluye índice de películas páginas 927-1106 aInventariado, 2024/BT1 aBorau, José Luis,edirector9699651 aPastor, María,edocumentación971854 2ddccLBS1 00102ddc56708DSaBNPHUbBNPHUcCTd2014-05-09eDonado por Pedro Altaresl0o BNPHU R-GRp43928-10r2020-06-25w2020-06-25yLBS1ZNo se presta c43417d43417